Pedagogicko-organizačné pokyny pre školy a školské zariadenia a orgány štátnej správy v školstve v Slovenskej republike na školský rok 2000/2001

Podrobná bibliografia
Médium: Článok
Jazyk:slovenčina
Predmet:

MARC

LEADER 00000nab a2200000 a 4500
001 vtls001508437
003 SK-MaSNL
005 20260304134451.0
008 250505s2000 xo 000 0 slo
035 |a SPKCL10764 
035 |a urn:nbn:sk:snk-abd4xm 
035 |a (urnnbn)urn:nbn:sk:snk:ar-007lcl 
035 |a (uuid)f4495be3-3c33-45d3-bd68-f3818ccfb664 
040 |a SNKBUCL  |b slo  |c SNKBUCL  |e AACR2 
041 0 |a slo 
044 |a xo  |c SK 
080 |a 371(094):371.2  |2 1981 
245 0 0 |a Pedagogicko-organizačné pokyny pre školy a školské zariadenia a orgány štátnej správy v školstve v Slovenskej republike na školský rok 2000/2001 
610 1 7 |a Slovensko.  |b Ministerstvo školstva  |2 snkbucl 
648 7 |a 2000-2001  |2 snkbucl  |9 297509 
650 0 7 |a školstvo  |2 snkbucl  |9 19712 
650 0 7 |a organizácia vyučovania  |2 snkbucl  |9 71440 
773 0 |t Škola - manažment, ekonomika, legislatíva  |g Roč. 5, č. 3 (2000), s. 3-12 
850 |a Slovenská národná knižnica 
852 |a Slovenská národná knižnica 
954 |a odborná, vedecká literatúra pôvodná (slovenská)  |2 lita 
958 |a article17 
958 |a OND 
958 |a EUIPO 
999 |c 2906921  |d 2908851